=LDR 00000nam 2200000 4500 =001 INLIS000000000025779 =005 20130612124249 =008 ***********************************ind** =035 ##$$0010-061300000025779 =041 ##$$a ind =082 ##$$a 537 =090 ##$$a 537, SUT f =100 ##$$a Sutrisno =245 ##$$a Fisika dasar, Listrik, magnet dan termofisika, Sutrisno, Tan Ik Gie =250 ##$$a Seri Fisika =260 ##$$a 1979 $b Bandung =300 ##$$a x, 242 hlm., ilus., 30 cm =650 ##$$a Fisika Dasar =700 ##$$a Tan Ik Gie =850 ##$$a NBPNMAT =990 ##$$a 0001/BPAP-NTB/2015 =990 ##$$a 0001/BPAP-NTB/2015